Hazards XVIII Process safety-sharing best practice

Gespeichert in:
Bibliographische Detailangaben
Format: Buch
Sprache:Englisch
Veröffentlicht: Rugby Institution of Chemical Engineers 2004
Ausgabe:1. vyd.
Online-Zugang:Im OPAC anzeigen
Tags: Tag hinzufügen
Keine Tags, Fügen Sie das erste Tag hinzu!

MARC

LEADER 00000nam a2200000 a 4500
005 20260127133948.0
008 050304 2004 enk 000 0 eng d
020 |a 0852954603 
035 |a vtls001517537 
039 9 |y 200503041122  |z mschk03 
040 |a STUSCHK1  |b slo  |c STUSCHK1  |e AACR2 
080 |a 614.8 
245 1 |a Hazards XVIII  |b Process safety-sharing best practice 
250 |a 1. vyd. 
260 |a Rugby  |b Institution of Chemical Engineers  |c 2004 
300 |a XVI, 983 s. 
910 |a SCHK95 
919 |a 0-85295-460-3 
999 |c 991  |d 991